[Event "Mar de Ajo op 4th"]
[Site "Mar de Ajo"]
[Date "2017.11.05"]
[Round "5"]
[White "Sosa, Adrian"]
[Black "Mazur, Mario"]
[Result "0-1"]
[WhiteElo "1696"]
[BlackElo "1978"]
[PlyCount "68"]
[EventDate "2017.11.03"]
[EventType "swiss"]
[EventRounds "6"]
[EventCountry "ARG"]
[SourceTitle "CBM 181 Extra"]
[Source "ChessBase"]
[SourceDate "2017.12.12"]
[SourceVersion "1"]
[SourceVersionDate "2017.12.12"]
[SourceQuality "1"]

1. d4 Nf6 2. Nf3 e6 3. Bf4 d5 4. e3 Be7 5. Bd3 0-0 6. h3 Nbd7 7. 0-0 c5 8. c3 Qb6 9. b3 Ne4 10. Qc2 f5 11. Na3 c4 12. Nxc4 dxc4 13. bxc4 Ndf6 14. Ne5 Qd8 15. f3 Nd6 16. e4 Nh5 17. Bh2 f4 18. Ng4 Bh4 19. c5 Nf7 20. e5 Ng5 21. Rfd1 Bd7 22. c4 Qe7 23. Nf2 Bc6 24. d5 exd5 25. cxd5 Bxd5 26. Bxh7+ Nxh7 27. Rxd5 Rad8 28. Qc4 Rxd5 29. Qxd5+ Kh8 30. Rb1 Rd8 31. Qxb7 Bxf2+ 32. Kxf2 Qxc5+ 33. Kf1 Rd2 34. Bg1 Ng3+ 0-1

[Event "Santa Teresita op 2nd"]
[Site "Santa Teresita"]
[Date "2017.07.01"]
[Round "3"]
[White "Mazur, Mario"]
[Black "Campanini, Hugo Ricardo"]
[Result "1-0"]
[WhiteElo "1978"]
[BlackElo "1842"]
[PlyCount "53"]
[EventDate "2017.06.30"]
[EventType "swiss"]
[EventRounds "6"]
[EventCountry "ARG"]
[SourceTitle "EXT 2018"]
[Source "ChessBase"]
[SourceDate "2017.10.13"]
[SourceVersion "1"]
[SourceVersionDate "2017.10.13"]
[SourceQuality "1"]

1. e4 Nc6 2. d4 d5 3. e5 Bf5 4. Bb5 a6 5. Bxc6+ bxc6 6. Ne2 e6 7. 0-0 f6 8. Ng3 Bg6 9. Nd2 c5 10. Nf3 cxd4 11. exf6 Nxf6 12. Re1 Bf7 13. Nxd4 Qd7 14. Qe2 Bc5 15. Nxe6 Bxe6 16. Qxe6+ Qxe6 17. Rxe6+ Kd7 18. Re2 Rab8 19. b3 h5 20. Be3 Bb4 21. h4 Bc3 22. Rd1 c6 23. Bd4 Ba5 24. Bxf6 gxf6 25. c4 Rbd8 26. cxd5 Kc8 27. Rc2 1-0

[Event "Pinamar CADA op 1st"]
[Site "Pinamar"]
[Date "2017.03.18"]
[Round "3"]
[White "Mazur, Mario"]
[Black "Tumini, Leandro"]
[Result "0-1"]
[WhiteElo "1972"]
[BlackElo "2180"]
[PlyCount "66"]
[EventDate "2017.03.17"]
[EventType "swiss"]
[EventRounds "6"]
[EventCountry "ARG"]
[SourceTitle "EXT 2024"]
[Source "ChessBase"]
[SourceDate "2023.10.10"]
[SourceVersion "1"]
[SourceVersionDate "2023.10.10"]
[SourceQuality "1"]

1. e4 d6 2. d4 Nf6 3. Nc3 g6 4. Nf3 Bg7 5. Bd3 Nbd7 6. 0-0 e5 7. dxe5 dxe5 8. h3 0-0 9. Be3 c6 10. Qd2 Qe7 11. Rad1 Nc5 12. Qc1 Nh5 13. a3 Ne6 14. Kh2 Nhf4 15. Ne2 Nxd3 16. cxd3 f5 17. Bh6 fxe4 18. dxe4 Rxf3 19. Bxg7 Kxg7 20. gxf3 Ng5 21. Qc3 Bxh3 22. Rg1 Bc8 23. f4 Nf7 24. Qg3 exf4 25. Qxf4 Be6 26. Nd4 Rf8 27. f3 Bc8 28. Nf5+ Bxf5 29. exf5 Ne5 30. Rde1 Rxf5 31. Qd4 Qf6 32. Rxe5 Rxe5 33. Qf2 Qf4+ 0-1

[Event "Santa Teresita op 1st"]
[Site "Santa Teresita"]
[Date "2016.11.12"]
[Round "4"]
[White "Gonzalez Resquin, Diego"]
[Black "Mazur, Mario"]
[Result "0-1"]
[WhiteElo "1717"]
[BlackElo "1974"]
[PlyCount "92"]
[EventDate "2016.11.11"]
[EventType "swiss"]
[EventRounds "6"]
[EventCountry "ARG"]
[SourceTitle "CBM 175 Extra"]
[Source "ChessBase"]
[SourceDate "2016.12.12"]
[SourceVersion "1"]
[SourceVersionDate "2016.12.12"]
[SourceQuality "1"]

1. Nf3 Nf6 2. d4 e6 3. e3 c5 4. c3 d5 5. Bb5+ Nbd7 6. Qa4 Bd6 7. dxc5 Bxc5 8. Ne5 0-0 9. Nxd7 Nxd7 10. 0-0 e5 11. e4 Nb6 12. Qc2 Be6 13. Nd2 Rc8 14. Nb3 Be7 15. exd5 Nxd5 16. Qe2 Qc7 17. Nd2 a6 18. Ba4 Nf4 19. Qd1 Rfd8 20. Bc2 Bd5 21. f3 Qb6+ 22. Kh1 Bc4 23. Re1 Qf2 24. Rg1 Bc5 25. Qe1 Qxg1+ 26. Qxg1 Bxg1 27. Nxc4 Rxc4 28. Bxf4 exf4 29. Kxg1 Rd2 30. Rc1 g6 31. Bb3 Rc7 32. Rb1 Kf8 33. h3 b5 34. Re1 Rxb2 35. Re4 Rxb3 36. axb3 Rxc3 37. Rxf4 Rxb3 38. Kf2 a5 39. g3 a4 40. Ke2 a3 41. Rd4 a2 42. Rd8+ Ke7 43. Ra8 Rb2+ 44. Kd3 b4 45. Kc4 b3 46. Kc3 Rb1 0-1

[Event "ARG-ch qual Amateur U2300"]
[Site "Pinamar"]
[Date "2016.08.28"]
[Round "5.2"]
[White "Mazur, Mario"]
[Black "Daneri, Martin"]
[Result "1/2-1/2"]
[WhiteElo "1980"]
[BlackElo "2121"]
[PlyCount "106"]
[EventDate "2016.08.26"]
[EventType "swiss"]
[EventRounds "6"]
[EventCountry "ARG"]
[SourceTitle "EXT 2024"]
[Source "ChessBase"]
[SourceDate "2023.10.10"]
[SourceVersion "1"]
[SourceVersionDate "2023.10.10"]
[SourceQuality "1"]

1. e4 e6 2. d4 d5 3. e5 Qd7 4. Nf3 b6 5. Bd3 Ba6 6. 0-0 Bxd3 7. Qxd3 c5 8. Re1 Ne7 9. Bf4 Nbc6 10. a3 cxd4 11. Nxd4 Nxd4 12. Qxd4 Rc8 13. Nc3 Nf5 14. Qd2 Be7 15. Rac1 0-0 16. h3 Rc4 17. Ne2 Rfc8 18. c3 b5 19. Be3 a5 20. b4 Qc7 21. Bd4 h5 22. Kh1 g6 23. g3 Bf8 24. Kg2 Nxd4 25. Nxd4 axb4 26. axb4 Bxb4 27. Nxb5 Qb6 28. cxb4 Qxb5 29. Rxc4 Rxc4 30. Ra1 Qb8 31. Rb1 Qxe5 32. Rb2 d4 33. b5 Qd5+ 34. f3 Rc3 35. Qd1 e5 36. b6 Qb7 37. h4 Kh7 38. Qd2 Re3 39. Qf2 f5 40. Kh2 Rd3 41. Qc2 Rc3 42. Qa4 Qxf3 43. Qa7+ Kh6 44. Rg2 Rb3 45. Qe7 Qd5 46. Qg5+ Kh7 47. Qe7+ Kh8 48. Rc2 Rc3 49. Rxc3 dxc3 50. b7 Qb5 51. Qd8+ Kg7 52. Qc7+ Kf6 53. b8Q Qe2+ 1/2-1/2

[Event "SVK-chT3B2 1516"]
[Site "Slovakia"]
[Date "2016.02.21"]
[Round "8.6"]
[White "Mazur, Mario"]
[Black "Maurer, Filip"]
[Result "0-1"]
[WhiteElo "1487"]
[BlackElo "1590"]
[PlyCount "120"]
[EventDate "2015.10.11"]
[EventType "team-tourn"]
[EventRounds "11"]
[EventCountry "SVK"]
[SourceTitle "EXT 2017"]
[Source "ChessBase"]
[SourceDate "2016.10.25"]
[SourceVersion "1"]
[SourceVersionDate "2016.10.25"]
[SourceQuality "1"]
[WhiteTeam "Belusa"]
[BlackTeam "Prievidza II"]
[WhiteTeamCountry "SVK"]
[BlackTeamCountry "SVK"]

1. d4 Nf6 2. c4 e6 3. Nc3 Bb4 4. Bd2 Bxc3 5. Bxc3 b6 6. e3 Bb7 7. Nf3 0-0 8. Bd3 Ne4 9. Bxe4 Bxe4 10. 0-0 d6 11. Nd2 Bb7 12. Qg4 f5 13. Qg3 Rf6 14. f3 Rg6 15. Qf2 Nd7 16. e4 Nf6 17. Qe2 Qe8 18. Rae1 Qf7 19. exf5 exf5 20. Qe7 Re8 21. Qxf7+ Kxf7 22. d5 Nd7 23. Rxe8 Kxe8 24. Re1+ Kf7 25. Bd4 Rh6 26. Nf1 Rh4 27. Bf2 Rxc4 28. Ne3 Rb4 29. b3 g6 30. Rc1 Nc5 31. Nc2 Rb5 32. Nd4 Ra5 33. b4 Rxa2 34. bxc5 dxc5 35. Nc6 Bxc6 36. dxc6 a5 37. Bg3 Ke6 38. Rd1 c4 39. Bxc7 c3 40. Bf4 c2 41. Rc1 Rb2 42. Kf2 a4 43. Kg3 g5 44. Bb8 a3 45. Re1+ Kf6 46. c7 f4+ 47. Kg4 h5+ 48. Kxh5 c1Q 49. Rxc1 Rxg2 50. Rh1 Rc2 51. h4 a2 52. hxg5+ Kf5 53. Kh6 Ke6 54. g6 Kf6 55. g7 a1Q 56. Rh5 Qg1 57. Rf5+ Kxf5 58. Kh7 Qg6+ 59. Kh8 Kf6 60. g8N+ Kf7 0-1

[Event "SVK-chT3B2 1516"]
[Site "Slovakia"]
[Date "2016.01.10"]
[Round "5.7"]
[White "Bielik, Jakub"]
[Black "Mazur, Mario"]
[Result "1/2-1/2"]
[WhiteElo "1584"]
[BlackElo "1487"]
[PlyCount "100"]
[EventDate "2015.10.11"]
[EventType "team-tourn"]
[EventRounds "11"]
[EventCountry "SVK"]
[SourceTitle "CBM 170 Extra"]
[Source "ChessBase"]
[SourceDate "2016.02.25"]
[SourceVersion "1"]
[SourceVersionDate "2016.02.25"]
[SourceQuality "1"]
[WhiteTeam "Povazske Podhradie"]
[BlackTeam "Belusa"]
[WhiteTeamCountry "SVK"]
[BlackTeamCountry "SVK"]

1. e4 e6 2. d4 c5 3. Nf3 d5 4. e5 c4 5. Be2 h6 6. 0-0 Ne7 7. Bf4 Nbc6 8. c3 Bd7 9. Na3 a6 10. Nc2 g5 11. Bg3 Nf5 12. Ne3 Qe7 13. Rb1 Bg7 14. Nd2 0-0 15. h3 f6 16. Nxf5 exf5 17. exf6 Qxf6 18. f4 g4 19. hxg4 fxg4 20. Bxg4 Bxg4 21. Qxg4 Qf5 22. Qxf5 Rxf5 23. Nf3 Bf6 24. Rbe1 b5 25. Ne5 Bxe5 26. fxe5 Rff8 27. Bf4 Kh7 28. Re2 b4 29. Ref2 b3 30. axb3 cxb3 31. Bxh6 Rxf2 32. Rxf2 Ra7 33. Bf8 Kg8 34. Bc5 Rf7 35. Rf3 a5 36. Kf2 a4 37. Rxf7 Kxf7 38. Ke3 Nd8 39. Kd3 Ne6 40. Ba3 Nf4+ 41. Kd2 Nxg2 42. Kd3 Ne1+ 43. Ke3 Nc2+ 44. Kd2 Nxa3 45. bxa3 Ke6 46. Kc1 Kd7 47. Kb2 Kc6 48. Kb1 Kd7 49. Kc1 Ke6 50. Kb1 Kd7 1/2-1/2

[Event "SVK-chT3B2 1516"]
[Site "Slovakia"]
[Date "2015.11.15"]
[Round "2.6"]
[White "Krisko, Milan"]
[Black "Mazur, Mario"]
[Result "1-0"]
[WhiteElo "1812"]
[BlackElo "1487"]
[PlyCount "139"]
[EventDate "2015.10.11"]
[EventType "team-tourn"]
[EventRounds "11"]
[EventCountry "SVK"]
[SourceTitle "CBM 170 Extra"]
[Source "ChessBase"]
[SourceDate "2016.02.25"]
[SourceVersion "1"]
[SourceVersionDate "2016.02.25"]
[SourceQuality "1"]
[WhiteTeam "Handlova"]
[BlackTeam "Belusa"]
[WhiteTeamCountry "SVK"]
[BlackTeamCountry "SVK"]

1. e4 e5 2. Nf3 Nf6 3. Nxe5 Qe7 4. Nf3 Qxe4+ 5. Qe2 Bd6 6. Nc3 Qxe2+ 7. Bxe2 0-0 8. 0-0 Bb4 9. Nb5 Ba5 10. c3 d6 11. d4 a6 12. Na3 Be6 13. Nc4 Bxc4 14. Bxc4 b5 15. Bd3 Nbd7 16. Bf4 h6 17. h3 g5 18. Bh2 Nd5 19. Bf5 N7f6 20. Rfe1 b4 21. c4 Nf4 22. Re7 Rae8 23. Rae1 b3 24. Rxe8 Nxe8 25. Ra1 bxa2 26. Rxa2 Bb6 27. Bxf4 gxf4 28. Rxa6 Ng7 29. Bd7 Rd8 30. Bc6 Ne6 31. d5 Nc5 32. Ra3 Ne4 33. b4 Bxf2+ 34. Kf1 Bb6 35. Ke2 Rb8 36. Ne1 Bd4 37. Kd3 Bb2 38. Rb3 Nf2+ 39. Ke2 Bd4 40. Nc2 Bb6 41. Kf3 Rf8 42. Kxf4 f5 43. Bd7 Ne4 44. Bxf5 Nf6 45. g4 h5 46. Ne3 Nd7 47. Ng2 Ne5 48. c5 Ba7 49. gxh5 Kg7 50. Ke4 Nc4 51. Rg3+ Kf7 52. Nf4 dxc5 53. bxc5 Nd2+ 54. Kd3 Nb3 55. Be6+ Ke8 56. Ng6 Nxc5+ 57. Kc4 Rf6 58. h6 Nxe6 59. dxe6 Rxe6 60. h7 Rc6+ 61. Kd5 Rd6+ 62. Ke4 Bd4 63. Ne5 Bxe5 64. Kxe5 Rh6 65. Rg8+ Kf7 66. h8Q Rxh8 67. Rxh8 Kg6 68. Rc8 c5 69. Rxc5 Kg5 70. Rc4 1-0

[Event "Madariaga Tiberio Cup"]
[Site "Madariaga"]
[Date "2014.06.22"]
[Round "7"]
[White "Galan, Jorge Alonso"]
[Black "Mazur, Mario"]
[Result "1/2-1/2"]
[WhiteElo "2073"]
[BlackElo "1980"]
[PlyCount "119"]
[EventDate "2014.06.20"]
[EventType "swiss"]
[EventRounds "7"]
[EventCountry "ARG"]
[SourceTitle "CBM 161 Extra"]
[Source "ChessBase"]
[SourceDate "2014.08.29"]
[SourceVersion "1"]
[SourceVersionDate "2014.08.29"]
[SourceQuality "1"]

1. c4 d6 2. d4 Nf6 3. Nc3 g6 4. g3 Bg7 5. Bg2 0-0 6. e4 c6 7. Nge2 e5 8. Bg5 Qc7 9. d5 Nbd7 10. Qd2 a5 11. 0-0 Nb6 12. b3 Kh8 13. Rfd1 Ne8 14. a4 f6 15. Be3 c5 16. Nb5 Qe7 17. Rf1 Bd7 18. Nec3 f5 19. Bg5 Qf7 20. Rfe1 f4 21. gxf4 h6 22. Bh4 exf4 23. f3 g5 24. Bf2 Bxb5 25. Nxb5 Nd7 26. Bh3 Ne5 27. Kg2 b6 28. Bf5 Qh5 29. Qd1 Rd8 30. Rh1 Bf6 31. h3 Ng7 32. Bg4 Qg6 33. Nc7 h5 34. Bf5 Nxf5 35. exf5 Qxf5 36. Ne6 h4 37. Qb1 Qxb1 38. Raxb1 Rfe8 39. Nxd8 Rxd8 40. Rhe1 Kg7 41. Re4 Kg6 42. Be1 Kf5 43. Bc3 Rf8 44. Rd1 Rg8 45. Rd2 g4 46. Rxe5+ Bxe5 47. hxg4+ Kf6 48. Rd3 Bxc3 49. Rxc3 Re8 50. Kf2 Kg5 51. Rc1 Re3 52. Re1 h3 53. Rh1 Kh4 54. g5 Rxb3 55. g6 Rb2+ 56. Kg1 Rg2+ 57. Kf1 Rxg6 58. Rh2 Kg3 59. Kg1 Kxf3+ 60. Kh1 1/2-1/2